[Event "Vienna State-chB"]
[Site "Vienna"]
[Date "2022.09.17"]
[Round "1"]
[White "Krejcar, Walter"]
[Black "Herter, Leonhard"]
[Result "1-0"]
[WhiteElo "1770"]
[BlackElo "1341"]
[PlyCount "51"]
[EventDate "2022.09.17"]
[EventType "swiss"]
[EventRounds "9"]
[EventCountry "AUT"]
[SourceTitle "CBM 210 Extra"]
[Source "ChessBase"]
[SourceDate "2022.11.30"]
[SourceVersion "1"]
[SourceVersionDate "2022.11.30"]
[SourceQuality "1"]

1. d4 Nf6 2. Bf4 c5 3. e3 e6 4. Nd2 Nc6 5. c3 cxd4 6. exd4 b6 7. Bd3 Bb7 8. Ngf3 Be7 9. Qe2 Nd5 10. Bg3 f5 11. c4 Nf6 12. 0-0 Nh5 13. d5 Nb4 14. Bxf5 0-0 15. Be4 exd5 16. cxd5 Nxg3 17. hxg3 Bxd5 18. Bxd5+ Nxd5 19. Qc4 Rf5 20. g4 Rc8 21. Qb3 Kh8 22. gxf5 Nf4 23. Rfe1 Qf8 24. Ne5 h6 25. Ng6+ Nxg6 26. fxg6 1-0

[Event "Prague Summer op-B 8th"]
[Site "Prague"]
[Date "2021.08.08"]
[Round "4"]
[White "Krejcar, Walter"]
[Black "Dreher, David"]
[Result "0-1"]
[WhiteElo "1754"]
[BlackElo "1888"]
[PlyCount "120"]
[EventDate "2021.08.06"]
[EventType "swiss"]
[EventRounds "9"]
[EventCountry "CZE"]
[SourceTitle "EXT 2022"]
[Source "ChessBase"]
[SourceDate "2021.10.06"]
[SourceVersion "1"]
[SourceVersionDate "2021.10.06"]
[SourceQuality "1"]

1. d4 f5 2. Nf3 Nf6 3. Bg5 e6 4. Nbd2 d5 5. e3 Bd6 6. Ne5 0-0 7. f4 Bd7 8. Bd3 Be8 9. Qf3 Be7 10. Qh3 Nbd7 11. 0-0 c5 12. c3 Rc8 13. Kh1 cxd4 14. exd4 Nxe5 15. fxe5 Ne4 16. Bxe7 Qxe7 17. Nf3 Bg6 18. Qh4 Qxh4 19. Nxh4 Bh5 20. Nf3 h6 21. Kg1 Kf7 22. Bxe4 dxe4 23. Nd2 Ke7 24. Kf2 g5 25. Rfe1 Bg6 26. Rac1 Rfd8 27. g3 b5 28. a3 a5 29. Ke3 Rc7 30. Nb3 a4 31. Nc5 f4+ 32. gxf4 Rxc5 33. dxc5 Rd3+ 34. Kf2 gxf4 35. Rcd1 e3+ 36. Kf1 f3 37. Rc1 Bf5 38. Rxe3 Rxe3 39. Kf2 Rxe5 40. Kxf3 Rxc5 41. Rg1 Kf7 42. Rg2 Bd3 43. Ke3 Bc4 44. Rf2+ Rf5 45. Rd2 Kf6 46. Rg2 Re5+ 47. Kd2 Rg5 48. Rf2+ Ke5 49. Ke3 Bd5 50. Rf4 Rg2 51. Rh4 Rxb2 52. Rxh6 Rb3 53. Rh5+ Kf6 54. Kd4 Rxa3 55. h4 Ra1 56. Rh8 a3 57. h5 a2 58. h6 Rd1+ 59. Kc5 a1Q 60. Rf8+ Kg6 0-1

[Event "Cattolica op-B 8th"]
[Site "Cattolica"]
[Date "2021.05.30"]
[Round "4"]
[White "Krejcar, Walter"]
[Black "Solime, Marco"]
[Result "0-1"]
[WhiteElo "1779"]
[BlackElo "1781"]
[PlyCount "114"]
[EventDate "2021.05.27"]
[EventType "swiss"]
[EventRounds "7"]
[EventCountry "ITA"]
[SourceTitle "CBM 203 Extra"]
[Source "ChessBase"]
[SourceDate "2021.09.30"]
[SourceVersion "1"]
[SourceVersionDate "2021.09.30"]
[SourceQuality "1"]

1. d4 f5 2. Bg5 h6 3. Bh4 g5 4. e3 Nf6 5. Bg3 e6 6. Be2 d6 7. Bh5+ Nxh5 8. Qxh5+ Kd7 9. h3 Qe8 10. Qe2 Bg7 11. Nd2 b6 12. 0-0-0 Bb7 13. Ngf3 Kc8 14. Kb1 Nd7 15. Nc4 Qe7 16. Ne1 e5 17. dxe5 Nxe5 18. Bxe5 dxe5 19. f3 e4 20. c3 exf3 21. gxf3 g4 22. hxg4 fxg4 23. Rg1 gxf3 24. Nxf3 Qe4+ 25. Kc1 Qxf3 26. Qd2 Qf7 27. Qe2 Bf3 28. Qf1 Rf8 29. Qh3+ Kb7 30. Rd7 Qxc4 31. Rgxg7 Be4 32. Rxc7+ Qxc7 33. Rxc7+ Kxc7 34. b4 Rad8 35. Qxh6 Rf1+ 36. Kb2 Rf2+ 37. Ka3 Bd5 38. Qg7+ Kc8 39. Qg4+ Kb7 40. c4 Bc6 41. Qg6 Rfd2 42. b5 R2d3+ 43. Kb4 Be8 44. Qf6 Rd1 45. Qe7+ Kb8 46. Qe5+ Kb7 47. Qe7+ R1d7 48. Qe4+ Kb8 49. Qe5+ Rc7 50. a4 Bf7 51. c5 bxc5+ 52. Kc3 c4 53. a5 Rd3+ 54. Kc2 Bg6 55. Qh8+ Rc8 56. Qe5+ Rc7 57. Qh8+ Rd8+ 0-1

[Event "Cattolica op-B 8th"]
[Site "Cattolica"]
[Date "2021.05.29"]
[Round "3"]
[White "Ghirardi, Gianfranco"]
[Black "Krejcar, Walter"]
[Result "0-1"]
[WhiteElo "1583"]
[BlackElo "1779"]
[PlyCount "124"]
[EventDate "2021.05.27"]
[EventType "swiss"]
[EventRounds "7"]
[EventCountry "ITA"]
[SourceTitle "CBM 203 Extra"]
[Source "ChessBase"]
[SourceDate "2021.09.30"]
[SourceVersion "1"]
[SourceVersionDate "2021.09.30"]
[SourceQuality "1"]

1. c4 c5 2. Nc3 g6 3. g3 Bg7 4. Bg2 Nc6 5. e3 e5 6. Nge2 f5 7. d3 Nf6 8. b3 0-0 9. Bb2 Rb8 10. 0-0 b6 11. Nb5 Qe7 12. Na3 Bb7 13. Nc2 Rbd8 14. d4 d6 15. d5 Nb8 16. a4 a5 17. Qd3 Nbd7 18. Qc3 Ne4 19. Qe1 Rf7 20. f3 Nef6 21. Qd2 Re8 22. Na3 Ba6 23. Rae1 Qf8 24. h4 Bh6 25. Bh3 Bg7 26. Rf2 e4 27. Nf4 Ne5 28. Bxe5 dxe5 29. Ne6 Qe7 30. f4 exf4 31. Nxf4 Qd6 32. Rg2 Nd7 33. Kh1 Ne5 34. Ree2 Nf3 35. Qd1 Rd8 36. Rgf2 Qe5 37. Bg2 g5 38. hxg5 Nxg5 39. Nb1 Rd6 40. Nd2 Bc8 41. Nf1 Bd7 42. Nh3 Rh6 43. Kh2 Qd6 44. Rf4 Be5 45. Ref2 Bxf4 46. exf4 Nxh3 47. Bxh3 Qg6 48. Ne3 Rg7 49. Qg1 Qh5 50. Qg2 Rhg6 51. Nf1 Qd1 52. Rb2 Qd3 53. Qf2 h5 54. Qc2 Qd4 55. Qd2 Kf7 56. Ne3 Qxd2+ 57. Rxd2 Rxg3 58. Bxf5 Rxe3 59. Bxd7 Rxb3 60. Re2 e3 61. d6 Rd3 62. Bf5 Rd2 0-1